| 000 | 01644nam a2200385 a 4500 | ||
|---|---|---|---|
| 999 |
_c532290 _d532290 |
||
| 001 | 1194416 | ||
| 003 | NUST | ||
| 005 | 20191115185831.0 | ||
| 008 | 980319s1996 uy ab b i001 0 spa | ||
| 010 | _a 97833055 | ||
| 020 | _a9974754100 (Testoni Studios Ediciones) | ||
| 020 | _a9230032956 (UNESCO Ediciones) | ||
| 038 | _aArshad | ||
| 040 |
_aDLC _cDLC |
||
| 041 | 0 | _aspaeng | |
| 042 | _alcode | ||
| 043 |
_as-uy--- _as-ag--- |
||
| 050 | 0 | 0 |
_aF2791.C5 _bC65 1996 |
| 082 |
_a720.989511 _bCOL |
||
| 245 | 0 | 0 |
_aColonia del Sacramento : _bpatrimonio mundial = World heritage / _cprefacio, Federico Mayer ; introducción, Marta Canessa de Sanguinetti ; desarrollo histórico, Fernando Assunção ; aspectos urbanos y arquitectónicos, Antonio Cravotto ; [fotografías, Héctor Testoni, Julio Testoni]. |
| 250 | _a1. ed. | ||
| 260 |
_a[Montevideo, Uruguay] : _bTestoni Studios Ediciones ; _a[París, Francia] : _bEdiciones UNESCO, _c1996. |
||
| 300 |
_a297 p. : _bill. (some col.), maps (some col.) ; _c34 cm. |
||
| 504 | _aIncludes bibliographical references (p. [290]-291) and indexes. | ||
| 651 | 0 |
_aColonia del Sacramento (Uruguay) _xHistory. _925692 |
|
| 651 | 0 |
_aColonia del Sacramento (Uruguay) _xPictorial works. _925693 |
|
| 651 | 0 |
_aRio de la Plata Region (Argentina and Uruguay) _xHistory. _925694 |
|
| 700 | 1 |
_aAssunção, Fernando O. _925695 |
|
| 700 | 1 |
_aCravotto, Antonio. _925696 |
|
| 700 | 1 |
_aTestoni, Héctor. _925697 |
|
| 700 | 1 |
_aTestoni, Julio. _925698 |
|
| 906 |
_a7 _bcbc _corigode _d2 _encip _f19 _gy-gencatlg |
||
| 942 |
_2ddc _cBK |
||